Normal view
MARC view
- Cowice, Gene O
Entry Personal Name
001 - CONTROL NUMBER
- control field: 74069
003 - CONTROL NUMBER IDENTIFIER
- control field: NUST
005 - DATE AND TIME OF LATEST TRANSACTION
- control field: 20210628205126.0
008 - FIXED-LENGTH DATA ELEMENTS
- fixed length control field: 210628|| aca||aabn | a|a d
040 ## - CATALOGING SOURCE
- Original cataloging agency: NUST
- Transcribing agency: NUST
100 ## - HEADING--PERSONAL NAME
- Personal name: Cowice, Gene O
670 ## - SOURCE DATA FOUND
- Source citation: Work cat.: (NUST): Cowice, Gene O, Designing in zinc a product development guide, 1984
